01585nam a2200265 a 4500001001000000005001700010008004100027041000800068044000700076084002100083100004500104245011200149260004600261300002200307500015500329500012700484500039500611500006001006500001501066650005201081650005701133650003401190650004501224740005001269BRCA_240720190320203808.0121108s1730----sp-a---###---#000-0#spa-u aspa asp a048b.B537c17301 aCervantes Saavedra, Miguel ded1547-161610aVida y hechos del Ingenioso Cavallero Don Quixote de la Manchaccompuesta por Miguel de Cervantes Saavedra. aMadridbViuda de Blas de Villanuevac1730 a2 v.bil.c21 cm. aContenido : v 1. -- v 2. Cinco composiciones poéticas. Aprovación del Lic. Márquez Torres de la edición príncipe. Prólogo del autor. Texto aEdición : Nueva edición corregida ilustrada y añadida, antes, con 35 láminas muy donosas y apropiadas a la materia aPara esta edición se tomó por modelo la de Bruselas de 1662, con las mismas lámina sgrabadas de nuevo por Diodati. Se ha suprimido las dedicatorias de Cervantes y añadido las llamadas obras poéticas que son 5 pésimas composiciones de que fue autor según M. Menéndez y Pelayo, Diego de Torres Villaroel. Semipiel; lomo adornado con filetes y florones dorados Lúdovik Osterc aExistencias : El ejemplar descrito carece del volumen 1 aQM41A (EB)14aNovela españolayÉpoca clásica, 1500-170014aLiteratura españolayÉpoca clásica, 1500-1710014aNovela españolaySiglo XVII14aDon Quijote (Personaje ficticio)eNovela0 aEl Ingenioso Hidalgo Don Quijote de la Mancha